|
|
|
|
| LEADER |
00000nam a2200000Ia 4500 |
| 001 |
7 |
| 003 |
NUMERAZIONE-ORIGINALE-BRESCIA |
| 005 |
20260206230746.0 |
| 008 |
260206s9999 xx 000 0 und d |
| 040 |
|
|
|c BRESCIA
|
| 100 |
|
|
|a Saba, Umberto
|
| 245 |
|
0 |
|a Ernesto
|
| 260 |
|
|
|a Torino
|
| 260 |
|
|
|b Einaudi
|
| 260 |
|
|
|c 1995
|
| 942 |
|
|
|2 ddc
|c BK
|n 0
|
| 952 |
|
|
|0 0
|1 0
|2 ddc
|4 0
|6 31
|7 0
|9 28181
|a BS
|b BS
|d 2026-02-06
|i 7-2
|l 0
|o 3-1-*
|r 2026-02-06 22:40:30
|w 2026-02-06
|x [REVISIONARE]
|y BK
|
| 952 |
|
|
|0 0
|1 0
|2 ddc
|4 0
|6 31
|7 0
|9 28182
|a BS
|b BS
|d 2026-02-06
|i 7-1
|l 0
|o 3-1-*
|r 2026-02-06 22:40:30
|w 2026-02-06
|x [REVISIONARE]
|y BK
|
| 999 |
|
|
|c 23889
|d 23889
|